00695nam a2200241 a 4500001001300000003000900013005001700022008004100039020000900080082001500089100002700104245003100131260004100162300000900203500003500212505001000247650002100257700002700278902000800305942000700313952011600320999001700436nice12345678IN_TiNIC20260116015210.0050524s1998 deoa grp 000 0 urd  ac5000a297.7bJAL aJalindhari, Azeez Khan aAndhere Se Roshni Ki Taraf aDeobandbJalindhari Azeez Khanc1998 a138p aincludes index and biblioraphy2 aIndex aIslam-Conversion1 aJalindhari, Azeez Khan bSRS cBK 001040708StackRoom-aHMIbHMId2007-07-12g50.00l0o297.7 JALp11001340r2007-07-12v50.00w2005-05-24yBK c18728d18728